00688nam a2200169 a 450000100100000000500170001000800410002704000250006808200140009310000280010724500740013526000440020930000360025370000270028995201850031699900170050100003533720200930074253.0111027s1956 nyuac 000 0 spa d aDO-SdBNPbspacBNPHU axxxbM2591 aMalraux, André96112010aThe voices of silence /cAndré Malraux ; translated Stuart Gilbert. aNew York :bDoubleday & Company,c1956. a661 p. :bil., retrs. ;c23 cm.1 aGilbert, Stuart961121 001050718RVaGRbGRcCTd2011-10-27iLF1l0oxxx M259p35337-10r2020-06-25w2020-06-25y1zPerteneció a la biblioteca personal de Juan Isidro Jimenes- GrullónZNo se presta c34828d34828